| 000 | 01359nam a22002297a 4500 | ||
|---|---|---|---|
| 999 |
_c57199 _d57199 |
||
| 003 | Ge_BSU | ||
| 005 | 20200110121213.0 | ||
| 008 | 200110s2010 xxu||||| |||| 00| 0 geo d | ||
| 020 | _a9789941914713 | ||
| 041 | _ageo | ||
| 080 | _a338+37 მ-40 | ||
| 100 |
_aმაღლაკელიძე, შორენა. _96073 |
||
| 245 |
_aსკოლის დაფინანსებისა და მართვის ზოგიერთი საკითხები / _cშორენა მაღლაკელიძე ; სამეცნ. რედ. ევგენი ბარათაშვილი. |
||
| 264 |
_aთბილისი : _bლეთა, _c2010. |
||
| 300 |
_a143 გვ .: _c19 სმ. |
||
| 520 | _aრეზიუმე იგლ ენაზე | ||
| 653 | _aგანათლების დაფინანსება | ||
| 653 | _a ზოგადსაგანმანათლებლო სკოლები. | ||
| 700 |
_aბარათაშვილი, ევგენი _eსამეცნიერო რედაქტორი _9734 |
||
| 710 |
_eქართველოლოგიის ჰუმანიტარული და სოციალური მეცნიერების ფონდი რუსთაველის ფონდი _96074 |
||
| 942 |
_2udc _cBK |
||